000
00312 a2200133 4500
000
nam a22 7a 4500
100
_a
Gangane, S D
110
_a
Gangane, S D
245
_a
Human Genetics
250
_a
7th/Latest edition
260
_b
Elsevier India
_c
2025
264
_b
Elsevier India
_c
2025
942
_c
BK
999
_c
396781
_d
396781